| 000 | 00375cam a2200145ua 4500 | ||
|---|---|---|---|
| 041 |
_aeng _h |
||
| 082 |
_a822 _bSHA/TW |
||
| 100 | _aShakespeare, William. | ||
| 245 |
_aTwelfth night or, what you will / _cWilliam Shakespeare. _hTextual Documents |
||
| 260 |
_aLondon : _bMcMillon & Co Ltd , _c1959. |
||
| 300 | _a184 ; . | ||
| 504 | _a | ||
| 942 | _cBK | ||
| 999 |
_c4470 _d4470 |
||